Statistics for FIFA 23 Top 100 LaLiga Players

Click here to take the quiz!

General Stats

  • This quiz has been taken 1,186 times
    (1,122 since last reset)
  • The average score is 39 of 100

Answer Stats

RatingPlayerClubRank% Correct
91Karim BenzemaReal Madrid2
95%
91Robert Lewandowski Barcelona1
93%
90Thibaut CourtoisReal Madrid9
90%
88Luka ModrićReal Madrid24
89%
86Vinícius JúniorReal Madrid44
89%
88Marc-André Ter Stegen Barcelona29
86%
88Toni KroosReal Madrid22
86%
89Jan OblakAtlético Madrid20
84%
85PedriBarcelona80
82%
83Antoine GriezmannAtlético Madrid157
79%
87Frenkie de Jong Barcelona38
74%
86David AlabaReal Madrid63
73%
87Antonio RüdigerReal Madrid35
71%
85Iago AspasCelta Vigo76
69%
85Jordi Alba Barcelona84
69%
85Sergio BusquetsBarcelona87
68%
84Éder MilitãoReal Madrid110
66%
84Dani CarvajalReal Madrid141
65%
81RodrygoReal Madrid348
65%
83Ronald AraújoBarcelona174
65%
86Daniel ParejoVillarreal62
63%
85Gerard MorenoVillarreal73
63%
84Federico ValverdeReal Madrid103
60%
84Jules KoundéBarcelona101
60%
80Álex MorenoReal Betis418
57%
83Ousmane DembéléBarcelona182
57%
85Nabil FekirReal Betis86
56%
82Ferran TorresBarcelona234
55%
83KokeAtlético Madrid161
55%
82Aurélien TchouaméniReal Madrid104
53%
83Ferland MendyReal Madrid165
53%
83Pau TorresVillarreal186
53%
85Memphis DepayBarcelona85
50%
83RaphinhaBarcelona156
48%
83Gerard PiquéBarcelona181
47%
84João FélixAtlético Madrid92
47%
83José María GiménezAtlético Madrid193
45%
84Mikkel OyarzabalReal Sociedad102
45%
80Álvaro MorataAtlético Madrid432
42%
82Andreas ChristensenBarcelona265
42%
83Marco AsensioReal Madrid178
42%
84Stefan SavićAtlético Madrid152
42%
81Iñaki WilliamsAthletic Bilbao291
41%
85Yannick CarrascoAtlético Madrid90
40%
84Franck Kessié Barcelona105
39%
84Marcos LlorenteAtlético Madrid104
39%
84Rodrigo De PaulAtlético Madrid106
38%
85Marcos Acuña Sevilla91
37%
80Saúl ÑíguezAtlético Madrid370
37%
82NachoReal Madrid239
36%
84Eden HazardReal Madrid130
35%
84Yassine BounouSevilla144
34%
83Ángel CorreaAtlético Madrid154
33%
82Ivan RakitićSevilla232
33%
80Sergi RobertoBarcelona443
33%
83Unai SimónAthletic Bilbao184
33%
83David SilvaReal Sociedad196
30%
84Iker MuniainAthletic Bilbao134
29%
83Jesús NavasSevilla188
29%
81Lucas VázquezReal Madrid323
29%
83Mikel MerinoReal Sociedad153
29%
83Thomas LemarAtlético Madrid160
29%
84Alejandro GómezSevilla150
27%
82IscoSevilla261
26%
84Sergio CanalesReal Betis111
26%
80Mario HermosoAtlético Madrid371
25%
80Raúl GarcíaAthletic Bilbao417
25%
82Iñigo MartínezAthletic Bilbao229
24%
81Borja IglesiasReal Betis350
22%
82Raúl AlbiolVillarreal272
22%
81FelipeAtlético Madrid357
19%
83FernandoSevilla183
19%
82Geoffrey KondogbiaAtlético Madrid200
19%
82Gerónimo RulliVillarreal231
18%
82José GayàValencia247
18%
83Raúl de TomásEspanyol170
18%
82Sergi DarderEspanyol199
18%
82Álex RemiroReal Sociedad249
17%
82Arnaut DanjumaVillarreal243
14%
82David SoriaGetafe259
14%
80Francis CoquelinVillarreal377
13%
80Jeremías LedesmaCádiz453
13%
81Robin Le NormandReal Sociedad361
13%
82Gabriel PaulistaValencia224
11%
81Guido RodríguezReal Betis359
11%
81Giovani Lo CelsoVillarreal295
10%
80Joan JordánSevilla411
10%
81Matheus CunhaAtlético Madrid313
10%
80Yeray ÁlvarezAthletic Bilbao439
10%
80Étienne CapoueVillarreal407
9%
80Sergio ReguilónAtlético Madrid449
9%
82Yuri BerchicheAthletic Bilbao221
9%
80José Luis MoralesVillarreal400
8%
80Alex TellesSevilla397
7%
81Jesús Manuel CoronaSevilla280
7%
80Alex BerenguerAthletic Bilbao390
6%
82Aritz ElustondoReal Sociedad267
6%
81Thomas DelaneySevilla294
6%
80Mauro ArambarriGetafe438
5%
81Miralem PjanićBarcelona327
4%

Score Distribution

Percentile by Number Answered

Percent of People with Each Score

Your Score History

You have not taken this quiz since the last reset